00734nam a2200205Ia 4500003000900000008004100009020002200050040001600072080001600088100002900104245010700133260004800240300001600288490003000304650002400334650001400358942000700372999001700379952013200396IN-BaIIA211028s9999 xx 000 0 eng d a978-0-521-19775-5 cIIA Library a523.07bCIR aCirkovic, Milan M935327 4aThe Astrobiological landscapebphilosophical foundation of the study of cosmic lifecMilan M. Cirkovic aCambridgebCambridge University Pressc2012 aviii, 266p. aCambridge astrobiology; 7 aAstrobiology925948 aCosmology cBK c18403d18403 00104070aBANbBANcGENd2012-10-08eANJ g5571.15l0o523.07/ CIRp19325r2021-11-05v5571.15w2012-10-08yBKGRs. 5571.15